000 00623nam a22002177a 4500
003 UA-OsUOA
001 81827
007 ta
008 20120209b un ||||| |||| 00| 0 ukr d
100 _aЯстремський О.
090 _a330(477)
_bЯ85
942 _cSA
040 _aUA-OsUOA
_bukr
_cUA-OsUOA
_dUA-OsUOA
245 _aЗастосуваня теорії загальної рівноваги до аналізу податкового портфеля
300 _aС.14-27
955 _a0
041 _aukr
080 _a330(477)
773 0 _w81825
650 7 _a330 Економіка взагалі
_2UDC
999 _c368132
_d368132